000 00786nam a22002537a 4500
001 BR9703652
003 BR-BrBNA
005 20230928095656.0
007 ta
008 230509b bl.||||| |||| 00| 0 por d
040 _aBR-BrBNA
_bpor
_cBiblioteca Nacional de Agricultura
041 _a(Por)
072 _aC10; L70
090 _ C10 BR9703652
110 1 _aConselho Federal de Medicina Veterinaria, Brasilia, DF (Brasil)
_92635
245 1 _aO ensino de graduacao em medicina veterinaria no Brasil: Situacao atual e perspectivas
260 3 _aBrasilia, DF (Brasil):
_c1996.
300 _a155 p.
500 _aSummaries (Eng, Por); 27 ref.; 34 tables; 43 illus.
650 _aVeterinaria
650 _aEnsino Agricola
909 _a202309
_bLucia
_c55
_dLucia Elande
942 _cBK
999 _c58018
_d58018